000
00233nam a2200097Ia 4500
001
698087
005
20250826162044.0
008
250824s9999 xx 000 0 und d
245
0
_a
DİRİLİŞ
_c
TOLSTOY
260
_b
İŞ BANKASI KÜLTÜR
999
_c
698087
_d
698087